El cerro de Santa-Honorina / (Record no. 152023)

MARC details
000 -LEADER
campo de control de longitud fija 00725nam a2200181 i 4500
001 - NÚMERO DE CONTROL
campo de control 152023
003 - IDENTIFICADOR DE NÚMERO DE CONTROL
campo de control ES-MaACL
005 - FECHA Y HORA DE LA ÚLTIMA TRANSACCIÓN
campo de control 20240524193120.0
008 - DATOS DE LONGITUD FIJA--INFORMACIÓN GENERAL
campo de control de longitud fija 051007s1862 sp |||| | spa d
100 1# - ENTRADA PRINCIPAL--NOMBRE DE PERSONA
Nombre de persona Berthet, Elie.
9 (RLIN) 28448
245 13 - MENCIÓN DEL TÍTULO
Título El cerro de Santa-Honorina /
Mención de responsabilidad, etc. por Elías Berthet ; novela traducida para el Folletín de las Novedades.
260 ## - PUBLICACIÓN, DISTRIBUCIÓN, ETC.
Lugar de publicación, distribución, etc. Madrid :
Nombre del editor, distribuidor, etc. [s.n.],
Fecha de publicación, distribución, etc. 1862 (
Lugar de fabricación/manufactura Imp. de Las Novedades, a cargo de A. Querol)
300 ## - DESCRIPCIÓN FÍSICA
Extensión 407 p. ;
Dimensiones 15 cm.
490 1# - MENCIÓN DE SERIE
Mención de serie Folletín de las Novedades
830 0# - PUNTO DE ACCESO ADICIONAL DE SERIE-TÍTULO UNIFORME
Título uniforme Folletín de las novedades
9 (RLIN) 185765
852 ## - LOCALIZACIÓN
Ubicación ES-MaACL
Número de control de estantería D-3879(1)
Nota libre - Enc. hol., falto de la enc. original
-- . - Legado de M. de la Fuente
-- - Enc. en un vol. facticio
Holdings
Estatus retirado Estado de pérdida Estado de daño No para préstamo Colección Biblioteca de origen Biblioteca actual Ubicación en estantería Fecha de adquisición Fuente de adquisición Total de préstamos Signatura topográfica completa Código de barras Visto por última vez Precio de reemplazo Tipo de ítem Koha
        Libros del s. XIX Biblioteca del Ateneo de Madrid Biblioteca del Ateneo de Madrid Sala Valle Inclán 17/01/2008     D-3879(1) 901158683 23/02/2023 23/02/2023 Libro impreso antiguo